बिहारी और वृंद-सतसई का तुलनात्मक अध्ययन/ (Record no. 10753)

MARC details
000 -LEADER
fixed length control field 01190 a2200217 4500
005 - DATE AND TIME OF LATEST TRANSACTION
control field 20080828143341.0
008 - FIXED-LENGTH DATA ELEMENTS--GENERAL INFORMATION
fixed length control field 080828t xxu||||| |||| 00| 0 hin d
010 ## - LIBRARY OF CONGRESS CONTROL NUMBER
LC control number HIN-82617
020 ## - INTERNATIONAL STANDARD BOOK NUMBER
Terms of availability 350.00
International Standard Book Number 9788190440523
035 ## - SYSTEM CONTROL NUMBER
System control number HN-54963
037 ## - SOURCE OF ACQUISITION
Source of stock number/acquisition पु.प्र.अ.प्र/प्रका
082 ## - DEWEY DECIMAL CLASSIFICATION NUMBER
Classification number 821.08
100 ## - MAIN ENTRY--PERSONAL NAME
Personal name सचदेवा, चित्रा
245 ## - TITLE STATEMENT
Title बिहारी और वृंद-सतसई का तुलनात्मक अध्ययन/
Statement of responsibility, etc चित्रा सचदेवा
246 ## - VARYING FORM OF TITLE
Title proper/short title Bihari aur Vrianda Satsai ka Tulnatmak Adhyayan
Remainder of title by Chitra Sachdeva
260 ## - PUBLICATION, DISTRIBUTION, ETC. (IMPRINT)
Place of publication, distribution, etc दिल्ली
Name of publisher, distributor, etc सुन्दर साहित्य प्रकाशन
Date of publication, distribution, etc 2008
270 ## - ADDRESS
Address 29/61, गली नं.11, द्वितीय तल, विश्वास नगर
City दिल्ली
Postal code 110032
300 ## - PHYSICAL DESCRIPTION
Extent 256पृ
Dimensions 22 सेमी (सजिल्द)
942 ## - ADDED ENTRY ELEMENTS (KOHA)
Institution code [OBSOLETE] dpl
Koha item type Hindi Books
Call number prefix 821.08 / सचदे
Source of classification or shelving scheme Dewey Decimal Classification
Classification part 821.08
Call number suffix सचदे
Holdings
Withdrawn status Lost status Damaged status Not for loan Home library Current library Date acquired Cost, normal purchase price Total Checkouts Full call number Barcode Date last seen Copy number Uniform Resource Identifier Cost, replacement price Price effective from Koha item type
        D.B.Act.Division D.B.Act.Division   350.00   821.08 सचदे HN-54963 15/09/2008 1 11846 350.00 15/09/2008 Hindi Books

© Delhi Public Library
Hit Counter
free hit counter